| 000 | 01581nam a2200469 i 4500 | ||
|---|---|---|---|
| 001 | 29618 | ||
| 003 | KOSZ 005 | ||
| 005 | 20221220110623.0 | ||
| 008 | 970513s1991 pl f |000 0 pol | ||
| 015 | _aUWD 1992/1332 | ||
| 035 | _a991001219399705066 | ||
| 035 | _a(PL-WaBN)b10358109-48omnis_nlop | ||
| 035 | _ab10358109 | ||
| 035 | _a(OCoLC)749828148 | ||
| 035 | _a(PL)b0000001035810 | ||
| 035 | _a(EXLNZ-48OMNIS_NETWORK)9910074761905606 | ||
| 040 |
_aWA N _cWA N _dKOSZ 005/EG |
||
| 041 | 0 |
_apol _beng |
|
| 080 | _a628.4 | ||
| 100 | 1 |
_aSiuta, Jan _d(1928-2020) _eAutor |
|
| 245 | 1 | 0 |
_aZasady gospodarki odpadami bytowymi w środowisku przyrodniczym / _cJan Siuta, Grażyna Wasiak ; Instytut Ochrony Środowiska. |
| 250 | _a[Wyd. 2 popr. i uzup.]. | ||
| 260 |
_aWarszawa : _bDział Wydawnictw IOŚ, _c1991. |
||
| 300 |
_a164, [1] s., [1] k. tabl. ; _c21 cm. |
||
| 336 |
_aTekst _btxt _2rdacontent |
||
| 337 |
_aBez urządzenia pośredniczącego _bn _2rdamedia |
||
| 338 |
_aWolumin _bnc _2rdacarrier |
||
| 380 | _aKsiążki | ||
| 388 | _a1901-2000 | ||
| 388 | _a1989-2000 | ||
| 504 | _aBibliogr. s. 161-163. | ||
| 546 | _aStreszcz. ang. | ||
| 650 | 7 |
_aŚcieki bytowo-gospodarcze _2DBN |
|
| 650 | 7 |
_aŚmieci _2DBN |
|
| 650 | 7 |
_aGospodarka _2DBN |
|
| 658 | _aOchrona środowiska | ||
| 658 | _aGospodarka, ekonomia, finanse | ||
| 700 | 1 |
_aWasiak, Grażyna _eAutor |
|
| 856 |
_uhttp://koha.tu.koszalin.pl/cgi-bin/koha/opac-detail.pl?biblionumber=29618 _yKatalog online BPK |
||
| 942 |
_2UKD _cKS |
||
| 999 |
_c29618 _d29618 |
||